[Event "zonal 3.3 (w)"]
[Site "Ho Chi Minh City VIE"]
[Date "2009.07.25"]
[Round "4"]
[White "Citra, Dewi Andhiani Anastasia"]
[Black "Rivera, Daisy"]
[Result "1/2-1/2"]
[WhiteElo "1923"]
[BlackElo "2087"]
[EventDate "2009.07.23"]
[PlyCount "100"]

1.e4 c5 2.Nf3 a6 3.d4 cxd4 4.Nxd4 d6 5.c4 Nf6 6.Nc3 e6 7.Be2 Qc7 8.Be3 b6 
9.O-O Bb7 10.f3 Nbd7 11.Rc1 Rc8 12.b3 Be7 13.Qd2 O-O 14.Rfd1 Qb8 15.Bf1 
Bd8 16.Qf2 Bc7 17.g4 Ne5 18.Bh3 Rfe8 19.g5 Nfd7 20.Rf1 Nd3 21.Qe2 Nxc1 22.
Rxc1 Rcd8 23.f4 Nc5 24.Bg2 d5 25.cxd5 Bxf4 26.Bxf4 Qxf4 27.Rf1 Qe5 28.Qf2 
Rf8 29.Nde2 exd5 30.exd5 Qxg5 31.b4 Nd3 32.Qd4 Ne5 33.Ne4 Qe7 34.d6 Qd7 
35.Qxe5 Rfe8 36.Qf4 f5 37.Ng5 Be4 38.Bxe4 fxe4 39.Qh4 h6 40.Nxe4 Qe6 41.
N2c3 Rf8 42.Re1 Qf5 43.Qg3 Rd7 44.Qd3 Kh8 45.Kh1 Qh5 46.Ng3 Qg4 47.Re7 
Rxd6 48.Qxd6 Qf3+ 49.Kg1 Qf2+ 50.Kh1 Qf3+ 1/2-1/2

[Event "zonal 3.3 (w)"]
[Site "Ho Chi Minh City VIE"]
[Date "2009.07.25"]
[Round "4"]
[White "Nguyen Thi Hanh"]
[Black "Nguyen Thi Diem Huong"]
[Result "0-1"]
[WhiteElo "1975"]
[BlackElo "2007"]
[EventDate "2009.07.23"]
[PlyCount "74"]

1.d4 d5 2.Nf3 Nf6 3.Bg5 e6 4.e3 c5 5.c3 Nc6 6.Nbd2 c4 7.e4 Be7 8.e5 Nd7 9.
Bxe7 Qxe7 10.b3 cxb3 11.axb3 O-O 12.Bd3 f6 13.exf6 Qxf6 14.O-O e5 15.dxe5 
Ndxe5 16.Nxe5 Nxe5 17.Qc2 h6 18.Rae1 Be6 19.f4 Nxd3 20.Qxd3 Rac8 21.Re3 
Bf7 22.Nf3 Rfd8 23.Ne5 Be8 24.Qd4 a6 25.Rfe1 Bb5 26.Rg3 Kh7 27.Rg6 Qf8 28.
b4 Re8 29.Re3 Rxe5 30.Rxe5 Kxg6 31.Rxd5 Kh7 32.Qe4+ Kh8 33.Rf5 Qe8 34.Re5 
Qc6 35.Qf5 Qxc3 36.h3 Rd8 37.Kh2 Qxb4 0-1

[Event "zonal 3.3 (w)"]
[Site "Ho Chi Minh City VIE"]
[Date "2009.07.25"]
[Round "4"]
[White "Tran Le Dan Thuy"]
[Black "Perena, Catherine"]
[Result "0-1"]
[WhiteElo "1780"]
[BlackElo "2092"]
[EventDate "2009.07.23"]
[PlyCount "82"]

1.e4 e5 2.Nf3 Nf6 3.Nxe5 d6 4.Nf3 Nxe4 5.d4 d5 6.Bd3 Be7 7.c4 O-O 8.O-O 
Bg4 9.cxd5 Nf6 10.Qb3 Bxf3 11.gxf3 Qxd5 12.Qxd5 Nxd5 13.Be4 Rd8 14.Nc3 c6 
15.Re1 Bb4 16.Bd2 Nb6 17.a3 Bf8 18.Ne2 Na6 19.Rad1 Nc7 20.Bc1 g6 21.Kh1 
Rd7 22.Rg1 Bg7 23.Bb1 Ne6 24.Rd3 Nxd4 25.Rgd1 Nxe2 26.Rxd7 Nxd7 27.Rxd7 
Nxc1 28.Rxb7 Ne2 29.Ba2 a5 30.Bxf7+ Kh8 31.Bc4 Nf4 32.b3 Re8 33.Bf1 Bd4 
34.Rf7 Re1 35.Kg1 Nh3+ 36.Kg2 Nxf2 37.Bc4 Nd1 38.Kg3 Ne3 39.Bd3 Rg1+ 40.
Kh3 Nd1 41.Bc4 g5 0-1

[Event "zonal 3.3 (w)"]
[Site "Ho Chi Minh City VIE"]
[Date "2009.07.26"]
[Round "5"]
[White "Nguyen Thi Thanh An"]
[Black "Hoang Thi Bao Tram"]
[Result "1-0"]
[WhiteElo "2330"]
[BlackElo "2274"]
[EventDate "2009.07.23"]
[PlyCount "88"]

1.d4 d5 2.c4 c6 3.Nc3 e6 4.Nf3 dxc4 5.a4 Nf6 6.e3 c5 7.Bxc4 Nc6 8.O-O cxd4
9.exd4 Be7 10.Be3 O-O 11.Ne5 Nb4 12.Qf3 Nfd5 13.Rad1 b6 14.Nxd5 exd5 15.
Bb3 Be6 16.Rc1 Rc8 17.Bd2 Rxc1 18.Rxc1 Bg5 19.Be3 Bxe3 20.Qxe3 Qd6 21.h3 
Rc8 22.Rxc8+ Bxc8 23.Nd3 Nxd3 24.Qxd3 g6 25.Qc3 Be6 26.a5 Qd7 27.axb6 axb6
28.Bd1 Qb5 29.h4 h5 30.Bf3 Qa4 31.Kh2 b5 32.Qc5 Qc4 33.b4 Kg7 34.Kg1 Kf6 
35.g3 Kg7 36.Bg2 Kf6 37.Bf1 Qxc5 38.dxc5 Bd7 39.f4 Ke6 40.Kf2 f5 41.Ke3 
Bc6 42.Kd4 Ba8 43.Bg2 Bc6 44.Bf3 Bb7 1-0

[Event "zonal 3.3 (w)"]
[Site "Ho Chi Minh City VIE"]
[Date "2009.07.26"]
[Round "5"]
[White "Kharisma Sukandar, Irine"]
[Black "Le Kieu Thien Kim"]
[Result "1-0"]
[WhiteElo "2311"]
[BlackElo "2250"]
[EventDate "2009.07.23"]
[PlyCount "63"]

1.e4 c6 2.d4 d5 3.Nc3 g6 4.h3 Bg7 5.Nf3 dxe4 6.Nxe4 Nf6 7.Nxf6+ exf6 8.Bd3
O-O 9.O-O Be6 10.Bf4 Nd7 11.c4 Re8 12.Qc2 Nf8 13.Rad1 Bd7 14.Bg3 Ne6 15.d5
cxd5 16.cxd5 Nf8 17.Bc7 Qc8 18.Rfe1 b5 19.Rxe8 Bxe8 20.Nd4 a6 21.Re1 Qd7 
22.d6 f5 23.Re7 Qc8 24.Nxf5 gxf5 25.Bxf5 Bd7 26.Bxd7 Nxd7 27.Qc6 Ne5 28.
Qd5 Qf8 29.Rxe5 Bxe5 30.Qxe5 Qc8 31.Qd5 Kg7 32.Qxa8 1-0

[Event "zonal 3.3 (w)"]
[Site "Ho Chi Minh City VIE"]
[Date "2009.07.26"]
[Round "5"]
[White "Le Thi Phuong Lien"]
[Black "Batkhuyag, Munguntuul"]
[Result "1/2-1/2"]
[WhiteElo "2216"]
[BlackElo "2412"]
[EventDate "2009.07.23"]
[PlyCount "122"]

1.e4 c5 2.Nf3 e6 3.c4 Nc6 4.a3 Nf6 5.Nc3 Qc7 6.Be2 a6 7.d4 cxd4 8.Nxd4 b6 
9.Be3 Bb7 10.f3 Be7 11.Rc1 Ne5 12.O-O d6 13.b4 O-O 14.f4 Ned7 15.Bd3 Rac8 
16.Qf3 Qd8 17.Qh3 a5 18.Rcd1 axb4 19.axb4 e5 20.Nf5 g6 21.fxe5 dxe5 22.
Nxe7+ Qxe7 23.Bg5 Qe6 24.Qh4 Nh5 25.Be2 Nf4 26.Bxf4 exf4 27.Rxf4 Ne5 28.
Nd5 Bxd5 29.exd5 Qd6 30.Qf6 Qxb4 31.Qxe5 Rce8 32.Qd4 Rxe2 33.d6 Qc5 34.Kf1
Re6 35.d7 Qxd4 36.Rfxd4 Rd8 37.Rd6 Rxd6 38.Rxd6 Kf8 39.Ke2 Ke7 40.Rxb6 
Rxd7 41.Ke3 h5 42.h4 Rd1 43.Rb5 Kd6 44.g3 Rg1 45.Rd5+ Kc6 46.Rg5 Rc1 47.
Kd4 Rd1+ 48.Ke5 Rd6 49.Kf4 f5 50.Ke3 Re6+ 51.Kd3 Kd6 52.Kc3 Ke5 53.Kb4 Kd4
54.Kb5 Rf6 55.c5 Kd5 56.Kb4 Kc6 57.Kc4 Re6 58.Kd4 Re4+ 59.Kd3 Re6 60.Kd4 
Re4+ 61.Kd3 Re6 1/2-1/2

[Event "zonal 3.3 (w)"]
[Site "Ho Chi Minh City VIE"]
[Date "2009.07.26"]
[Round "5"]
[White "Lkhamsuren, Uuganbayar"]
[Black "Pham Le Thao Nguyen"]
[Result "0-1"]
[WhiteElo "2144"]
[BlackElo "2314"]
[EventDate "2009.07.23"]
[PlyCount "63"]

1.e4 c5 2.Nf3 e6 3.d4 cxd4 4.Nxd4 a6 5.Nc3 Qc7 6.Be3 Bb4 7.Ne2 Nf6 8.f3 d5
9.exd5 Nxd5 10.Bd2 Nf6 11.Nd4 Bd6 12.g3 O-O 13.Qe2 Rd8 14.Nb3 b5 15.O-O-O 
Bb7 16.Bg5 Nbd7 17.Ne4 Be7 18.Kb1 Rac8 19.g4 b4 20.Rd4 Bd5 21.Bg2 a5 22.f4
a4 23.Nc1 a3 24.Nxf6+ Nxf6 25.Bxd5 axb2 26.Rc4 bxc1=Q+ 27.Kxc1 Bc5 28.Bf3 
Be3+ 29.Qxe3 Qxc4 30.Qb3 Qd4 31.Rd1 Qa1+ 32.Qb1 0-1

[Event "zonal 3.3 (w)"]
[Site "Ho Chi Minh City VIE"]
[Date "2009.07.26"]
[Round "5"]
[White "Nguyen Thi Mai Hung"]
[Black "Pham Bich Ngoc"]
[Result "1-0"]
[WhiteElo "2219"]
[BlackElo "2105"]
[EventDate "2009.07.23"]
[PlyCount "89"]

1.d4 Nf6 2.Nf3 c5 3.e3 d5 4.c3 Qc7 5.Bd3 Nbd7 6.Nbd2 e5 7.dxe5 Nxe5 8.Nxe5
Qxe5 9.Nf3 Qd6 10.h3 Be7 11.O-O O-O 12.Qc2 Bd7 13.b3 Bc6 14.Bb2 b5 15.Rfd1
Qc7 16.c4 dxc4 17.bxc4 Bxf3 18.gxf3 b4 19.Rd2 g6 20.Bf1 a5 21.Bg2 a4 22.f4
Ra6 23.Rad1 a3 24.Ba1 Qc8 25.Kh2 Re8 26.Be5 Bf8 27.Rd3 Qf5 28.Qe2 Ne4 29.
Rd5 f6 30.Bd4 Qc8 31.Bxe4 cxd4 32.R5xd4 Bc5 33.R4d2 Kh8 34.Bc2 Qc7 35.Qg4 
f5 36.Qf3 Rd6 37.Rxd6 Bxd6 38.Qd5 Bf8 39.Bb3 Qc5 40.Qb7 Re7 41.Qb8 Kg7 42.
Rd8 Rc7 43.Rxf8 Qc6 44.Rg8+ Kf6 45.Qd8+ 1-0

[Event "zonal 3.3 (w)"]
[Site "Ho Chi Minh City VIE"]
[Date "2009.07.26"]
[Round "5"]
[White "Cua, Shercila"]
[Black "Nguyen Quynh Anh"]
[Result "0-1"]
[WhiteElo "2167"]
[BlackElo "2102"]
[EventDate "2009.07.23"]
[PlyCount "94"]

1.d4 d5 2.c4 e6 3.Nf3 c6 4.Nbd2 Nf6 5.g3 Nbd7 6.Bg2 Bd6 7.O-O O-O 8.Qc2 e5
9.cxd5 Nxd5 10.Nc4 Qe7 11.Nxd6 Qxd6 12.dxe5 Nxe5 13.Nxe5 Qxe5 14.e4 Nb6 
15.Be3 Qc7 16.a4 Be6 17.b3 Nd7 18.a5 c5 19.f4 f6 20.Rfc1 Rac8 21.Bf1 Rfe8 
22.b4 b6 23.Ba6 Rcd8 24.bxc5 bxc5 25.Bf1 Qc6 26.Bg2 Bf7 27.Qc3 Rc8 28.Bh3 
Rc7 29.Bg2 Qd6 30.Bf2 c4 31.Qa3 Rb8 32.Rc3 Rcb7 33.Bf1 Qc6 34.Qc1 Rc7 35.
Qc2 Re8 36.Rc1 Rec8 37.Bg2 Qb5 38.Qa2 Nc5 39.Rb1 Nb3 40.Qa3 Qd7 41.Qa2 Rd8
42.Be3 Qe7 43.Qf2 Nxa5 44.Ra1 Nb3 45.Rxa7 Rxa7 46.Bxa7 Rd1+ 47.Bf1 Nd2 0-1

[Event "zonal 3.3 (w)"]
[Site "Ho Chi Minh City VIE"]
[Date "2009.07.26"]
[Round "5"]
[White "Le Hoang Tran Chau"]
[Black "Cua, Sherily"]
[Result "1/2-1/2"]
[WhiteElo "2073"]
[BlackElo "2174"]
[EventDate "2009.07.23"]
[PlyCount "171"]

1.d4 d5 2.Nf3 Nf6 3.c4 e6 4.Nc3 c6 5.Bg5 Nbd7 6.e3 Be7 7.cxd5 exd5 8.Bd3 
O-O 9.O-O Re8 10.Qc2 Nf8 11.Rab1 g6 12.Bxf6 Bxf6 13.Ne2 Qd6 14.Rfc1 a6 15.
b4 Ne6 16.a4 Bd7 17.b5 axb5 18.axb5 Rec8 19.bxc6 bxc6 20.Qd2 c5 21.dxc5 
Rxc5 22.h3 Rac8 23.Rxc5 Rxc5 24.Qb4 Rc6 25.Qd2 Nc5 26.Rd1 Nxd3 27.Qxd3 Rc5
28.Ng3 Bb5 29.Qd2 Qe7 30.Ne2 Bc4 31.Nf4 Qb7 32.Qc2 Ra5 33.Rb1 Qa7 34.Qd1 
Ra1 35.Rxa1 Qxa1 36.Qxa1 Bxa1 37.h4 Kf8 38.g4 Ke7 39.Kg2 Bc3 40.Kg3 Ba5 
41.Nd4 Kd6 42.h5 Bd8 43.Nh3 Bf1 44.Ng1 Bd3 45.Kf4 f6 46.Ngf3 Bc7 47.g5 
Ke7+ 48.Kg4 f5+ 49.Kh4 f4 50.Nc6+ Ke6 51.Nb4 Bc4 52.Nd4+ Kd7 53.exf4 Bxf4 
54.h6 Bd6 55.Nbc2 Bd3 56.Ne3 Bc4 57.Ng4 Be7 58.Ne5+ Ke8 59.f4 Bc5 60.Ndf3 
Bf2+ 61.Kh3 Kf8 62.Ng4 Be2 63.Nxf2 Bxf3 64.Nd3 d4 65.Kg3 Be4 66.Nc5 Bf5 
67.Kf3 Kg8 68.Ke2 Kh8 69.Nb3 d3+ 70.Ke3 Be6 71.Nd2 Ba2 72.Kxd3 Bg8 73.Kd4 
Ba2 74.Ke5 Bg8 75.Kf6 Ba2 76.Nf3 Bb1 77.Kf7 Ba2+ 78.Kf8 Bb3 79.Ne5 Ba2 80.
Ke7 Bb3 81.Kf6 Bc2 82.Nc6 Bb1 83.Ne7 Bc2 84.Kf7 Bb1 85.Kf8 Bc2 86.Nc6 
1/2-1/2

[Event "zonal 3.3 (w)"]
[Site "Ho Chi Minh City VIE"]
[Date "2009.07.26"]
[Round "5"]
[White "Nguyen Thi Tuong Van"]
[Black "Aulia, Medina Warda"]
[Result "1-0"]
[WhiteElo "2246"]
[BlackElo "1945"]
[EventDate "2009.07.23"]
[PlyCount "53"]

1.e4 e6 2.d4 d5 3.Nd2 Nf6 4.e5 Nfd7 5.Bd3 c5 6.c3 Nc6 7.Ne2 Qb6 8.Nf3 cxd4
9.cxd4 f6 10.exf6 Nxf6 11.O-O Bd6 12.Re1 O-O 13.Bf4 Ne4 14.Bxd6 Nxd6 15.
Ng3 g6 16.Bc2 Qxb2 17.Rb1 Qxa2 18.Ng5 Rf6 19.Nh5 gxh5 20.Nxh7 Rf7 21.Ng5 
Rg7 22.Bh7+ Rxh7 23.Nxh7 Kxh7 24.Rb3 Ne4 25.Qxh5+ Kg7 26.Rf3 Nd8 27.Qg4+ 
1-0

[Event "zonal 3.3 (w)"]
[Site "Ho Chi Minh City VIE"]
[Date "2009.07.26"]
[Round "5"]
[White "Hoang Thi Nhu Y"]
[Black "Enkhtuul, Altanulzii"]
[Result "1/2-1/2"]
[WhiteElo "2119"]
[BlackElo "2051"]
[EventDate "2009.07.23"]
[PlyCount "104"]

1.c4 b6 2.Nc3 e6 3.d4 Bb7 4.Nf3 Nf6 5.Bg5 h6 6.Bh4 Bb4 7.Qb3 Be7 8.e3 d6 
9.h3 Nbd7 10.Bg3 Ne4 11.Nxe4 Bxe4 12.Be2 O-O 13.O-O f5 14.Nd2 Bb7 15.Bf3 
Bxf3 16.Nxf3 Nf6 17.Rac1 Ne4 18.Bh2 Qd7 19.Rfd1 Bf6 20.a3 Qf7 21.Nd2 Bh4 
22.f3 Nxd2 23.Rxd2 Bf6 24.Qb5 Bg5 25.Kf2 Bh4+ 26.Kf1 Bg5 27.Kf2 f4 28.e4 
Rad8 29.d5 e5 30.b4 Bh4+ 31.Kf1 Rb8 32.Bg1 Rfc8 33.Qc6 Be7 34.Qa4 Qe8 35.
Qa6 Kh7 36.Rdc2 Qd7 37.c5 bxc5 38.bxc5 Rb3 39.c6 Qd8 40.Qa4 Rcb8 41.Bxa7 
R8b5 42.Bf2 Bh4 43.Qa7 Bxf2 44.Kxf2 Qh4+ 45.Kg1 Qg5 46.a4 R5b4 47.Rf1 Rb1 
48.Rf2 Rxf1+ 49.Rxf1 Rb2 50.Rf2 Rb1+ 51.Rf1 Rb2 52.Rf2 Rb1+ 1/2-1/2

[Event "zonal 3.3 (w)"]
[Site "Ho Chi Minh City VIE"]
[Date "2009.07.26"]
[Round "5"]
[White "Vo Thi Kim Phung"]
[Black "Nguyen Thi Diem Huong"]
[Result "0-1"]
[WhiteElo "2073"]
[BlackElo "2007"]
[EventDate "2009.07.23"]
[PlyCount "108"]

1.d4 d5 2.Nf3 Nf6 3.c4 e6 4.Nc3 c6 5.cxd5 exd5 6.Bg5 Be7 7.Qc2 Nbd7 8.e3 
O-O 9.Bd3 Re8 10.O-O Nf8 11.Rab1 Ne4 12.Bxe7 Qxe7 13.b4 a6 14.a4 Nxc3 15.
Qxc3 Bg4 16.Nd2 Qg5 17.f4 Qh4 18.Rbe1 Re6 19.Nf3 Qh5 20.h3 Bxf3 21.Rxf3 
Nd7 22.g4 Qh4 23.Bf5 Re7 24.Bxd7 Rxd7 25.Rb1 Qe7 26.f5 Qe4 27.Rbf1 f6 28.
Rf4 Qe8 29.Kf2 Re7 30.Qd3 a5 31.Rb1 axb4 32.Rxb4 b5 33.Ke2 Rxa4 34.Rxa4 
bxa4 35.Rf1 Qb8 36.Qa3 Ra7 37.Rc1 h6 38.Kd2 Ra6 39.Rc2 Ra8 40.Kc1 Qb5 41.
Kd2 Qf1 42.Qd6 Re8 43.Qxc6 Qf2+ 44.Kd1 Qxe3 45.Qxd5+ Kh7 46.Rd2 Qg1+ 47.
Kc2 Rc8+ 48.Kd3 Qf1+ 49.Re2 Qd1+ 50.Ke3 Re8+ 51.Qe6 Rxe6+ 52.fxe6 Kg8 53.
d5 Qxe2+ 54.Kxe2 a3 0-1

[Event "zonal 3.3 (w)"]
[Site "Ho Chi Minh City VIE"]
[Date "2009.07.26"]
[Round "5"]
[White "Rivera, Daisy"]
[Black "Chan Wei Yi, Victoria"]
[Result "0-1"]
[WhiteElo "2087"]
[BlackElo "1912"]
[EventDate "2009.07.23"]
[PlyCount "140"]

1.e4 c5 2.Nc3 Nc6 3.g3 g6 4.Bg2 Bg7 5.d3 e6 6.Be3 d6 7.Qd2 Nge7 8.Bh6 O-O 
9.h4 f6 10.Bxg7 Kxg7 11.f4 f5 12.h5 Rb8 13.Nf3 Nd4 14.Nd1 Nec6 15.c3 Nxf3+
16.Bxf3 Qf6 17.Ne3 Ne7 18.Qh2 g5 19.fxg5 Qxg5 20.Ke2 b5 21.g4 fxe4 22.Bxe4
Nd5 23.Qg3 Nf4+ 24.Kd1 d5 25.Bg2 Rb7 26.Bf1 b4 27.Kc2 bxc3 28.bxc3 Bd7 29.
a4 Rfb8 30.Nd1 e5 31.Qh4 Kh6 32.Qxg5+ Kxg5 33.Rg1 a5 34.Ra2 d4 35.Nf2 Bc6 
36.Ne4+ Bxe4 37.dxe4 Rb3 38.cxd4 exd4 39.Bb5 Re3 40.Kd1 Rxe4 41.Rc2 Re5 
42.Re1 Rxe1+ 43.Kxe1 Rc8 44.Kd2 Rc7 45.Rc1 Kxg4 46.Be8 Re7 47.Bb5 Re5 48.
h6 Rh5 49.Bd7+ Kg3 50.Rg1+ Kf2 51.Rc1 Ne2 52.Bg4 Re5 53.Bxe2 Rxe2+ 54.Kd3 
Re3+ 55.Kd2 Re5 56.Kd3 Rh5 57.Rc2+ Kf3 58.Rc1 Kf4 59.Rf1+ Ke5 60.Kc4 Rxh6 
61.Rf7 Rh3 62.Kxc5 d3 63.Re7+ Kf4 64.Rf7+ Ke3 65.Re7+ Kd2 66.Kb5 h5 67.
Kxa5 Re3 68.Rh7 Re5+ 69.Kb6 Ke2 70.a5 d2 0-1

[Event "zonal 3.3 (w)"]
[Site "Ho Chi Minh City VIE"]
[Date "2009.07.26"]
[Round "5"]
[White "Luong Nhat Linh"]
[Black "Citra, Dewi Andhiani Anastasia"]
[Result "1-0"]
[WhiteElo "1952"]
[BlackElo "1923"]
[EventDate "2009.07.23"]
[PlyCount "57"]

1.c4 g6 2.Nc3 Bg7 3.d4 Nf6 4.e4 d6 5.f3 O-O 6.Be3 b6 7.Qd2 c5 8.d5 Re8 9.
Rd1 Nbd7 10.Bh6 Bh8 11.g4 Ne5 12.Be2 Ba6 13.b3 Ned7 14.h4 Nf8 15.h5 N6d7 
16.Nh3 e5 17.dxe6 Nxe6 18.Nd5 Nd4 19.hxg6 hxg6 20.Bg5 f6 21.Bh4 Bg7 22.Bf2
Nxe2 23.Kxe2 b5 24.Ne3 bxc4 25.Qd5+ Kf8 26.Qxd6+ Qe7 27.Qxa6 cxb3 28.axb3 
Nb6 29.Nf4 1-0

[Event "zonal 3.3 (w)"]
[Site "Ho Chi Minh City VIE"]
[Date "2009.07.26"]
[Round "5"]
[White "Ton Nu Hong An"]
[Black "Tran Le Dan Thuy"]
[Result "1-0"]
[WhiteElo "2046"]
[BlackElo "1780"]
[EventDate "2009.07.23"]
[PlyCount "69"]

1.e4 c5 2.Nf3 d6 3.c3 Nc6 4.d4 cxd4 5.cxd4 Bg4 6.Nc3 e5 7.dxe5 dxe5 8.Nd5 
Bd6 9.Be2 Nge7 10.O-O O-O 11.Be3 f5 12.Qb3 Kh8 13.exf5 e4 14.Nd4 Nxd4 15.
Bxd4 Bxe2 16.f6 gxf6 17.Bxf6+ Rxf6 18.Nxf6 Bxh2+ 19.Kh1 Be5 20.Qf7 Bxf6 
21.Qxf6+ Kg8 22.Rfe1 Bd3 23.Re3 Ng6 24.Qe6+ Kg7 25.Rh3 Qe7 26.Qg4 Rf8 27.
Qh5 Kg8 28.Kg1 Nf4 29.Qg4+ Kh8 30.Re3 Qf6 31.Rc1 Nd5 32.Rg3 Qxf2+ 33.Kh2 
Qxb2 34.Rc8 Qf6 35.Qg8+ 1-0

[Event "zonal 3.3 (w)"]
[Site "Ho Chi Minh City VIE"]
[Date "2009.07.26"]
[Round "6"]
[White "Le Thi Phuong Lien"]
[Black "Nguyen Thi Thanh An"]
[Result "1/2-1/2"]
[WhiteElo "2216"]
[BlackElo "2330"]
[EventDate "2009.07.23"]
[PlyCount "91"]

1.e4 Nf6 2.e5 Nd5 3.d4 d6 4.c4 Nb6 5.exd6 exd6 6.Be2 Be7 7.Nf3 O-O 8.O-O 
Re8 9.h3 Bf5 10.Nc3 Bf6 11.Be3 Nc6 12.Rc1 h6 13.a3 Ne7 14.Nh2 c6 15.Ng4 
Bxg4 16.hxg4 d5 17.c5 Nd7 18.Bd3 Ng6 19.Qd2 Nxc5 20.Bxg6 fxg6 21.dxc5 d4 
22.Bxd4 Bxd4 23.Qc2 Qf6 24.Ne4 Qe6 25.Nd6 Rf8 26.Rce1 Qd5 27.Qxg6 Rf6 28.
Re8+ Rxe8 29.Qxe8+ Rf8 30.Qe2 Qxc5 31.Nf5 Bf6 32.Rd1 Qe5 33.Qc4+ Kh8 34.
Qb4 Rb8 35.b3 c5 36.Qc4 b5 37.Qf7 Qe2 38.Rf1 Be5 39.Qxa7 Qxg4 40.Qxc5 Qxf5
41.f4 Re8 42.fxe5 Qxe5 43.Rf8+ Kh7 44.Qc2+ Qe4 45.Qxe4+ Rxe4 46.Kf2 
1/2-1/2

[Event "zonal 3.3 (w)"]
[Site "Ho Chi Minh City VIE"]
[Date "2009.07.26"]
[Round "6"]
[White "Kharisma Sukandar, Irine"]
[Black "Nguyen Thi Mai Hung"]
[Result "1/2-1/2"]
[WhiteElo "2311"]
[BlackElo "2219"]
[EventDate "2009.07.23"]
[PlyCount "116"]

1.e4 c5 2.Nf3 d6 3.d4 cxd4 4.Nxd4 Nf6 5.Nc3 a6 6.Be2 e6 7.O-O Be7 8.f4 Qc7
9.Be3 O-O 10.a4 Nc6 11.Kh1 Bd7 12.Qe1 Rfe8 13.Qg3 Bf8 14.Qh4 Be7 15.Qg3 
Bf8 16.Bf3 Nxd4 17.Bxd4 e5 18.fxe5 dxe5 19.Be2 Rac8 20.Be3 Qc6 21.Rad1 Rc7
22.a5 Bc8 23.Bd3 Nh5 24.Qh4 Qg6 25.Rf5 Nf4 26.Bxf4 exf4 27.Rxf4 Be7 28.Qf2
Bg5 29.e5 Qh6 30.Re4 Be6 31.Be2 Qg6 32.Bf3 Bf5 33.Re2 h5 34.Rd6 Be6 35.Qb6
Rc4 36.Qxb7 Qf5 37.Re4 Bc8 38.Qd5 Rxe4 39.Nxe4 Rxe5 40.Qc6 Be7 41.Rd1 Qe6 
42.Qc3 Bd7 43.Rxd7 f5 44.Nf6+ Bxf6 45.Rd1 Kh7 46.Bxh5 Re3 47.Qb4 Bxb2 48.
Qh4 Bf6 49.Qf2 Re5 50.Qg3 Bg5 51.h4 f4 52.Qd3+ Kh6 53.hxg5+ Kxh5 54.Qh7+ 
Kxg5 55.Rd7 Re1+ 56.Kh2 Rh1+ 57.Kxh1 Qe1+ 58.Kh2 Qg3+ 1/2-1/2

[Event "zonal 3.3 (w)"]
[Site "Ho Chi Minh City VIE"]
[Date "2009.07.26"]
[Round "6"]
[White "Le Thanh Tu"]
[Black "Hoang Thi Nhu Y"]
[Result "1-0"]
[WhiteElo "2310"]
[BlackElo "2119"]
[EventDate "2009.07.23"]
[PlyCount "97"]

1.d4 b6 2.c4 Bb7 3.Nc3 e6 4.Nf3 f5 5.g3 Nf6 6.Bg2 Be7 7.O-O Ne4 8.Qc2 Nxc3
9.Qxc3 O-O 10.b3 Bf6 11.Bb2 Na6 12.Rad1 Qe7 13.Qc1 d6 14.Ne1 Bxg2 15.Nxg2 
Rad8 16.Qb1 c5 17.e3 Bg5 18.d5 e5 19.f4 Bf6 20.e4 exf4 21.exf5 fxg3 22.
hxg3 Qe2 23.Bxf6 Rxf6 24.Qd3 Qg4 25.Rf4 Qg5 26.a3 Rdf8 27.Rdf1 Nb8 28.Nh4 
Nd7 29.Kg2 Ne5 30.Qe4 a6 31.Nf3 Nxf3 32.R1xf3 Qh5 33.Re3 Qd1 34.Qf3 Qc2+ 
35.Re2 Qc1 36.a4 Qb1 37.Re6 h6 38.g4 Kh7 39.Re2 Qc1 40.Rfe4 Qc2 41.Kg3 Qb1
42.Re7 h5 43.Re1 Qb2 44.Rh1 R6f7 45.Rxh5+ Kg8 46.Re2 Qd4 47.Qh1 Qd3+ 48.
Kf2 Qd4+ 49.Kf3 1-0

[Event "zonal 3.3 (w)"]
[Site "Ho Chi Minh City VIE"]
[Date "2009.07.26"]
[Round "6"]
[White "Pham Le Thao Nguyen"]
[Black "Nguyen Quynh Anh"]
[Result "1/2-1/2"]
[WhiteElo "2314"]
[BlackElo "2102"]
[EventDate "2009.07.23"]
[PlyCount "79"]

1.d4 d5 2.Nf3 Nf6 3.e3 Bf5 4.c4 c6 5.cxd5 cxd5 6.Nc3 e6 7.Qb3 Qc7 8.Bd2 
Nc6 9.Be2 Be7 10.O-O O-O 11.Rfc1 Rfc8 12.Na4 Ne4 13.Be1 Rab8 14.Ne5 Bd6 
15.f4 Qe7 16.Nc3 Nxc3 17.Bxc3 Rc7 18.Bb5 f6 19.Nf3 Rbc8 20.Qd1 Nb8 21.a3 
Nd7 22.Qa4 a6 23.Bxd7 Qxd7 24.Qxd7 Rxd7 25.Ba5 Rxc1+ 26.Rxc1 h6 27.Kf2 g5 
28.g3 Kh7 29.Bb6 Bg6 30.Rc8 Kg7 31.Ke1 Bh5 32.Nd2 gxf4 33.gxf4 e5 34.fxe5 
fxe5 35.Nf1 e4 36.Rd8 Rxd8 37.Bxd8 Be8 38.Bh4 Bb5 39.Bg3 Bxf1 40.Bxd6 
1/2-1/2

[Event "zonal 3.3 (w)"]
[Site "Ho Chi Minh City VIE"]
[Date "2009.07.26"]
[Round "6"]
[White "Pham Bich Ngoc"]
[Black "Batkhuyag, Munguntuul"]
[Result "0-1"]
[WhiteElo "2105"]
[BlackElo "2412"]
[EventDate "2009.07.23"]
[PlyCount "52"]

1.c4 Nf6 2.g3 g6 3.Bg2 Bg7 4.Nc3 O-O 5.e4 d6 6.Nge2 e5 7.O-O Nc6 8.d3 Be6 
9.f4 Qd7 10.Nd5 Bg4 11.Be3 exf4 12.Ndxf4 g5 13.Nd5 Nxd5 14.cxd5 Nd4 15.
Bxd4 Bxd4+ 16.Kh1 Bxb2 17.Rb1 Bg7 18.Rxb7 Rfb8 19.Rxb8+ Rxb8 20.Qe1 Rb2 
21.Ng1 Qa4 22.Rf2 Qxa2 23.Rxb2 Qxb2 24.Qa5 Bd4 25.Qxc7 h6 26.Bh3 Qa1 0-1

[Event "zonal 3.3 (w)"]
[Site "Ho Chi Minh City VIE"]
[Date "2009.07.26"]
[Round "6"]
[White "Pham Thi Ngoc Tu"]
[Black "Nguyen Thi Tuong Van"]
[Result "1/2-1/2"]
[WhiteElo "2089"]
[BlackElo "2246"]
[EventDate "2009.07.23"]
[PlyCount "50"]

1.e4 c5 2.Nf3 d6 3.c3 Nf6 4.h3 Nc6 5.Bd3 d5 6.e5 Nd7 7.Qe2 g6 8.Bc2 Qb6 9.
O-O Bg7 10.Ba4 e6 11.Rd1 c4 12.b3 O-O 13.bxc4 dxc4 14.Na3 Ndxe5 15.Nxc4 
Nxf3+ 16.Qxf3 Qa6 17.Bb3 b5 18.Nd6 Bd7 19.Ne4 Ne5 20.Nf6+ Bxf6 21.Qxf6 Nd3
22.Qd4 Nxc1 23.Raxc1 Rfd8 24.c4 bxc4 25.Bxc4 Bb5 1/2-1/2

[Event "zonal 3.3 (w)"]
[Site "Ho Chi Minh City VIE"]
[Date "2009.07.26"]
[Round "6"]
[White "Lkhamsuren, Uuganbayar"]
[Black "Perena, Catherine"]
[Result "0-1"]
[WhiteElo "2144"]
[BlackElo "2092"]
[EventDate "2009.07.23"]
[PlyCount "166"]

1.e4 e5 2.Nf3 Nf6 3.Nxe5 d6 4.Nf3 Nxe4 5.Nc3 Nxc3 6.dxc3 Be7 7.Bf4 O-O 8.
Qd2 Nd7 9.O-O-O Nc5 10.Bd3 Be6 11.Kb1 Qe8 12.Nd4 a6 13.f3 b5 14.h4 Nd7 15.
Nc6 Ne5 16.Nxe7+ Qxe7 17.Be2 Bc4 18.Bg5 f6 19.Bxc4+ Nxc4 20.Qd5+ Qf7 21.
Qxf7+ Rxf7 22.Bf4 Re8 23.b3 Nb6 24.Rd2 Rfe7 25.Rhd1 Kf7 26.Kc1 Nd7 27.Rg1 
Ne5 28.Kd1 Kg6 29.Re2 Kf5 30.Bh2 h5 31.Re4 d5 32.Rf4+ Ke6 33.Re1 Kf7 34.
Rf5 c5 35.Bg1 g6 36.Rf4 Rc7 37.g4 Ke6 38.b4 cxb4 39.cxb4 Kf7 40.Bd4 Rce7 
41.Re3 Re6 42.Bc3 Nc6 43.Rd3 d4 44.Bd2 hxg4 45.fxg4 Re4 46.Rdf3 Rxf4 47.
Rxf4 Rh8 48.Be1 Ke6 49.Ke2 Rd8 50.a3 Ne5 51.Bg3 Rc8 52.Kd1 Rc3 53.Bf2 d3 
54.cxd3 Rxd3+ 55.Ke2 Rxa3 56.Rd4 Ra2+ 57.Kf1 Rc2 58.g5 fxg5 59.hxg5 Rc4 
60.Ke2 Kf5 61.Rd6 Rc6 62.Rd5 Rc2+ 63.Kf1 Ke4 64.Rd6 Ng4 65.Bc5 Kf3 66.Ke1 
Ne5 67.Rxa6 Nd3+ 68.Kd1 Rc4 69.Rxg6 Nxc5 70.bxc5 Rxc5 71.Rf6+ Ke3 72.g6 
Rg5 73.Rd6 Rg2 74.Kc1 b4 75.Rb6 Kd3 76.Rf6 Kc4 77.Rf4+ Kb3 78.Rf3+ Ka4 79.
Rf6 Ka3 80.Re6 Rg1+ 81.Kc2 b3+ 82.Kc3 Rg3+ 83.Kd2 Ka2 0-1

[Event "zonal 3.3 (w)"]
[Site "Ho Chi Minh City VIE"]
[Date "2009.07.26"]
[Round "6"]
[White "Enkhtuul, Altanulzii"]
[Black "Cua, Shercila"]
[Result "1-0"]
[WhiteElo "2051"]
[BlackElo "2167"]
[EventDate "2009.07.23"]
[PlyCount "77"]

1.e4 e6 2.Qe2 c5 3.g3 Nc6 4.c3 g6 5.Bg2 Bg7 6.f4 Nge7 7.Nf3 d5 8.d3 O-O 9.
O-O Qc7 10.Rd1 b6 11.Na3 Ba6 12.Qe1 Rfd8 13.e5 Rac8 14.Nc2 Bb7 15.Be3 Nb8 
16.Bf2 b5 17.d4 Nd7 18.Bf1 Qc6 19.dxc5 Nxc5 20.Ncd4 Qd7 21.Nxb5 a6 22.Nd6 
Rc6 23.Nd4 Rxd6 24.exd6 Qxd6 25.Bg2 Qc7 26.Qe2 Rb8 27.Re1 Nd7 28.Bh3 Nf6 
29.Bg2 Qa5 30.b4 Qa4 31.Nb3 Bc8 32.Nc5 Qc6 33.Bf1 Ra8 34.a4 Nf5 35.b5 axb5
36.axb5 Qc7 37.Reb1 Nd6 38.b6 Qe7 39.Qb2 1-0

[Event "zonal 3.3 (w)"]
[Site "Ho Chi Minh City VIE"]
[Date "2009.07.26"]
[Round "6"]
[White "Le Kieu Thien Kim"]
[Black "Luong Nhat Linh"]
[Result "1/2-1/2"]
[WhiteElo "2250"]
[BlackElo "1952"]
[EventDate "2009.07.23"]
[PlyCount "57"]

1.d4 Nf6 2.Nf3 d5 3.e3 c6 4.Bd3 e6 5.Nbd2 Bd6 6.Ne5 Nbd7 7.f4 O-O 8.O-O c5
9.b3 a6 10.Bb2 b5 11.Qf3 Qb6 12.Nxd7 Nxd7 13.dxc5 Bxc5 14.Rae1 f5 15.a3 a5
16.Kh1 Bb7 17.Qe2 b4 18.axb4 axb4 19.Nf3 Nf6 20.Bd4 Bxd4 21.Nxd4 Ra2 22.g4
Ba6 23.Bxa6 Rxa6 24.Rf2 g6 25.gxf5 exf5 26.Rg1 Kh8 27.Rf3 Ra7 28.Qd3 Rc7 
29.Re1 1/2-1/2

[Event "zonal 3.3 (w)"]
[Site "Ho Chi Minh City VIE"]
[Date "2009.07.26"]
[Round "6"]
[White "Chan Wei Yi, Victoria"]
[Black "Hoang Thi Bao Tram"]
[Result "0-1"]
[WhiteElo "1912"]
[BlackElo "2274"]
[EventDate "2009.07.23"]
[PlyCount "118"]

1.d4 d5 2.c4 c6 3.Nf3 Nf6 4.Nc3 dxc4 5.a4 Bg4 6.Ne5 Bh5 7.Nxc4 Nbd7 8.Bf4 
Nb6 9.Ne5 Nbd5 10.Bg3 e6 11.Qd2 Bb4 12.f3 c5 13.e4 cxd4 14.Bb5+ Ke7 15.
Qxd4 Qb6 16.Qxb6 Nxb6 17.a5 Nbd7 18.a6 Nxe5 19.axb7 Nxf3+ 20.gxf3 Rab8 21.
Bxb8 Rxb8 22.Kf2 Rxb7 23.Be2 Bc5+ 24.Kg3 Rxb2 25.Rab1 Rc2 26.Rhc1 Rxc1 27.
Rxc1 Bd4 28.Nb5 Be5+ 29.Kf2 Bxh2 30.Nxa7 g5 31.Rh1 Bf4 32.Nc6+ Kd6 33.Nb4 
Bg6 34.Nd3 Nh5 35.Rd1 Bg3+ 36.Kg2 Ke7 37.Rh1 Bf4 38.Ra1 Kf6 39.Nf2 Kg7 40.
Rb1 Bd6 41.Bc4 Nf4+ 42.Kg1 h5 43.Nd3 Nxd3 44.Bxd3 Kf6 45.Rb5 Bf4 46.Kg2 g4
47.Be2 e5 48.Bc4 Kg5 49.Rb7 h4 50.Bf1 h3+ 51.Kf2 g3+ 52.Ke2 g2 53.Bxg2 
hxg2 54.Kf2 Be3+ 55.Kxg2 Kf4 56.Rb1 Bh5 57.Rf1 Bd4 58.Rb1 Bxf3+ 59.Kf1 
Bxe4 0-1